Аттракция как объект изучения; Актуальные проблемы гуманитарных наук

Detaylı Bibliyografya
Parent link:Актуальные проблемы гуманитарных наук.— 2002.— С. 192-193.
Yazar: Федорцова К. В.
Dil:Rusça
Baskı/Yayın Bilgisi: 2002
Konular:
Materyal Türü: MixedMaterials Kitap Bölümü
KOHA link:https://koha.lib.tpu.ru/cgi-bin/koha/opac-detail.pl?biblionumber=96359

MARC

LEADER 00000naa2a2200000 4500
001 96359
005 20231031110509.0
035 |a (RuTPU)RU\TPU\book\103158 
090 |a 96359 
100 |a 20060512d2002 k y0rusy50 ca 
101 0 |a rus 
102 |a RU 
200 1 |a Аттракция как объект изучения  |f К. В. Федорцова 
463 0 |0 (RuTPU)RU\TPU\book\68542  |t Актуальные проблемы гуманитарных наук  |o Труды 1 региональной научно-практической конференции студентов, аспирантов и молодых ученых. 8-15 апреля 2002  |f Томский политехнический университет  |v С. 192-193.  |d 2002  |p 208 с. 
610 1 |a аттракция 
610 1 |a развлечения 
610 1 |a психология 
610 1 |a индустрия развлечений 
610 1 |a исследования 
610 1 |a труды учёных ТПУ 
700 1 |a Федорцова  |b К. В. 
801 1 |a RU  |b 63413507  |c 20060512  |g PSBO 
942 |c BK